| 000 | 00363nam a2200145Ia 4500 | ||
|---|---|---|---|
| 008 | 230917s9999||||xx |||||||||||||| ||und|| | ||
| 020 | _cRS135 | ||
| 040 |
_e27431 _aMAIN |
||
| 041 | _aEnglish | ||
| 082 | _a784.4095452 J316H | ||
| 100 | _aJasta, Hariram | ||
| 245 | 0 | _aHimachal pradesh ke lokpriya geet | |
| 260 |
_aDelhi _bSanmarg prakashan _c1997 |
||
| 942 | _cBK | ||
| 999 |
_c98619 _d98619 |
||